[Event "Quebec-ch Amateur U2000"]
[Site "Montreal CAN"]
[Date "2014.10.13"]
[Round "7"]
[White "Fan, Run Kun"]
[Black "Li, Yi Lin"]
[Result "1-0"]
[WhiteElo "1712"]
[BlackElo "1761"]
[PlyCount "122"]
[EventDate "2014.10.10"]
[EventType "swiss"]
[EventRounds "7"]
[EventCountry "CAN"]

1. Nf3 Nf6 2. g3 d5 3. Bg2 c6 4. O-O e6 5. b3 Be7 6. Bb2 O-O 7. e3 Ne4 8. Nc3
Bf6 9. d4 Nxc3 10. Bxc3 Be7 11. Bb2 f5 12. a4 Nd7 13. Ba3 Bxa3 14. Rxa3 Nf6 15.
a5 Bd7 16. Qd3 Qe7 17. Ra2 Be8 18. Ne5 Nd7 19. Nxd7 Bxd7 20. Qc3 Rac8 21. b4
Qe8 22. Qc5 Ra8 23. f4 Rf6 24. Bf3 Qf8 25. Qxf8+ Rfxf8 26. c3 Kf7 27. Kf2 Kf6
28. h3 Ke7 29. g4 Kd6 30. Rg1 g6 31. Rga1 Rac8 32. Kg3 Ke7 33. h4 Rg8 34. Rh2
Kf6 35. Rc2 Ke7 36. g5 Kf7 37. Rac1 Rh8 38. c4 Rhe8 39. h5 Kg7 40. Be2 a6 41.
Kf2 Kf7 42. Ke1 Rh8 43. b5 cxb5 44. cxb5 axb5 45. Rc7 Ke7 46. Bxb5 Rhd8 47.
Rxd7+ Rxd7 48. Rxc8 Rd8 49. Rxd8 Kxd8 50. hxg6 hxg6 51. Kd2 Ke7 52. Kc3 Kd8 53.
Kb4 Ke7 54. Kc5 Kd8 55. Kb6 Kc8 56. Be8 Kb8 57. Bxg6 Ka8 58. Bxf5 Kb8 59. Bxe6
Ka8 60. g6 Kb8 61. g7 Ka8 1-0

[Event "Quebec-ch Amateur U2000"]
[Site "Montreal CAN"]
[Date "2014.10.13"]
[Round "7"]
[White "Johnson-Constantin, Matthieu"]
[Black "Saine, Zachary"]
[Result "1-0"]
[WhiteElo "1777"]
[BlackElo "1706"]
[PlyCount "111"]
[EventDate "2014.10.10"]
[EventType "swiss"]
[EventRounds "7"]
[EventCountry "CAN"]

1. Nf3 e6 2. g3 d5 3. Bg2 Bd6 4. O-O Nf6 5. d4 O-O 6. b3 Nbd7 7. Bb2 Rb8 8.
Nbd2 b5 9. Re1 c5 10. c3 Bb7 11. Rc1 c4 12. b4 a5 13. a3 axb4 14. axb4 Ra8 15.
Nh4 Ng4 16. e4 Nh6 17. e5 Be7 18. Nhf3 Re8 19. h4 Nf5 20. Qc2 Qb6 21. Bh3 g6
22. h5 Nf8 23. hxg6 hxg6 24. Nh2 Nh7 25. Ndf3 Bc8 26. Kg2 Kg7 27. Rh1 Rh8 28.
Ng4 Kf8 29. Rh2 Ke8 30. Rch1 Ng5 31. Nxg5 Bxg5 32. Bc1 Be7 33. Ne3 Bb7 34. g4
Nh4+ 35. Kg3 g5 36. Bf1 Kd7 37. Ng2 Ng6 38. Rxh8 Rxh8 39. Rxh8 Nxh8 40. Qh7 Qd8
41. f4 gxf4+ 42. Bxf4 Qe8 43. g5 Ng6 44. Nh4 Nxh4 45. Kxh4 Bc6 46. Be2 Kd8 47.
Bh5 Qf8 48. Qxf7 Be8 49. Qxf8 Bxf8 50. g6 Be7+ 51. Bg5 Bxg5+ 52. Kxg5 Ke7 53.
Kh6 Kf8 54. Kh7 Ke7 55. Bg4 Bf7 56. gxf7 1-0

[Event "Quebec-ch Amateur U2000"]
[Site "Montreal CAN"]
[Date "2014.10.13"]
[Round "7"]
[White "Mangahas, Ronald"]
[Black "Perna-Fraser, David"]
[Result "1/2-1/2"]
[WhiteElo "1871"]
[BlackElo "1872"]
[PlyCount "102"]
[EventDate "2014.10.10"]
[EventType "swiss"]
[EventRounds "7"]
[EventCountry "CAN"]

1. e4 e5 2. Nf3 Nf6 3. Nc3 Bb4 4. Be2 O-O 5. O-O Nc6 6. Nd5 Bc5 7. d3 Nxd5 8.
exd5 Ne7 9. Nxe5 Nxd5 10. c4 Nf6 11. d4 Be7 12. Qc2 d6 13. Nf3 Bg4 14. Re1 Re8
15. Bd2 Bh5 16. Nh4 Bxe2 17. Rxe2 Ne4 18. Rxe4 Bxh4 19. Rae1 Rxe4 20. Qxe4 c6
21. d5 Bf6 22. b3 c5 23. Qf5 g6 24. Qh3 Qc8 25. Qf3 Qd8 26. Bc3 Bxc3 27. Qxc3
Qd7 28. Qe3 Kf8 29. Qf4 Re8 30. Rxe8+ Kxe8 31. Qf6 Qe7 32. Qa1 f6 33. h3 Kf7
34. a3 b6 35. Qc3 Qe5 36. Qd2 Qa1+ 37. Kh2 Qe5+ 38. g3 Kg7 39. h4 h5 40. Kg2 g5
41. Qd1 gxh4 42. gxh4 Qe4+ 43. Kh3 Qf5+ 44. Kg3 Qe5+ 45. f4 Qe3+ 46. Qf3 Qxf3+
47. Kxf3 f5 48. Ke3 Kf7 49. Kd3 Ke7 50. Kc3 Kd7 51. b4 Kc7 1/2-1/2

[Event "Quebec-ch Amateur U2000"]
[Site "Montreal CAN"]
[Date "2014.10.13"]
[Round "7"]
[White "Morin, Louis"]
[Black "Chevalier, Francois"]
[Result "1-0"]
[WhiteElo "1977"]
[BlackElo "1761"]
[PlyCount "103"]
[EventDate "2014.10.10"]
[EventType "swiss"]
[EventRounds "7"]
[EventCountry "CAN"]

1. e4 c5 2. d4 cxd4 3. c3 dxc3 4. Nxc3 Nc6 5. Nf3 d6 6. Bc4 e6 7. O-O Be7 8.
Qe2 Nf6 9. Rd1 e5 10. h3 O-O 11. Be3 a6 12. Rac1 Be6 13. Bxe6 fxe6 14. Ng5 Qc8
15. Na4 Nd7 16. Nxe6 Rf6 17. Qc4 Kh8 18. Ng5 Qg8 19. Qxg8+ Kxg8 20. Nc3 Rg6 21.
Nf3 Rf8 22. Nd5 Bd8 23. Kf1 h6 24. a3 Nf6 25. Nxf6+ Rgxf6 26. Ke2 Rg6 27. Kf1
Rgf6 28. Kg1 Rg6 29. Kh2 Rgf6 30. Rc2 g5 31. Kg1 Rg6 32. Nh2 h5 33. g4 Rh6 34.
Kg2 Kg7 35. gxh5 Be7 36. h4 Rxh5 37. hxg5 Bxg5 38. Rxd6 Bxe3 39. fxe3 Rg5+ 40.
Kh1 Rf7 41. Rcd2 Rg6 42. Rxg6+ Kxg6 43. b4 Kf6 44. Kg2 Ke6 45. Nf3 Rg7+ 46. Kf2
Rd7 47. Ng5+ Ke7 48. Rd5 Rc7 49. Kf3 Kf6 50. Kg4 Ne7 51. Rd6+ Kg7 52. Ne6+ 1-0

[Event "Quebec-ch Amateur U2000"]
[Site "Montreal CAN"]
[Date "2014.10.13"]
[Round "7"]
[White "Ouellet, Maili-Jade"]
[Black "Saha, Ananda"]
[Result "1-0"]
[WhiteElo "1879"]
[BlackElo "1793"]
[PlyCount "94"]
[EventDate "2014.10.10"]
[EventType "swiss"]
[EventRounds "7"]
[EventCountry "CAN"]

1. d4 d5 2. c4 e6 3. cxd5 exd5 4. Nc3 Be7 5. Nf3 Be6 6. Qc2 c6 7. Bf4 Nf6 8. e3
O-O 9. Bd3 h6 10. h3 Re8 11. O-O Bd6 12. Bxd6 Qxd6 13. Ne5 a6 14. f4 c5 15. Qf2
cxd4 16. exd4 Nc6 17. Rad1 Rad8 18. a3 b5 19. g4 Bc8 20. Bb1 Nd7 21. Qc2 Nf8
22. Nxb5 axb5 23. Nxc6 Rd7 24. Ne5 Rc7 25. Qb3 Ba6 26. Rc1 Rec8 27. Rxc7 Rxc7
28. Qf3 b4 29. Bd3 Bxd3 30. Qxd3 bxa3 31. bxa3 Ra7 32. a4 Rxa4 33. Qf5 Qe6 34.
Qd3 Qb6 35. Rd1 Qa7 36. Nc6 Qd7 37. Rc1 Ra8 38. Qf3 Rc8 39. Ne7+ Qxe7 40. Rxc8
Qe1+ 41. Kg2 Qd2+ 42. Qf2 Qd1 43. Rd8 h5 44. g5 Qb3 45. f5 Qc4 46. f6 g6 47.
Qb2 Qd3 1-0

[Event "Quebec-ch Amateur U2000"]
[Site "Montreal CAN"]
[Date "2014.10.13"]
[Round "7"]
[White "Zumsteg, Nicolas"]
[Black "Lavergne, Daniel"]
[Result "1/2-1/2"]
[WhiteElo "1715"]
[BlackElo "1722"]
[PlyCount "52"]
[EventDate "2014.10.10"]
[EventType "swiss"]
[EventRounds "7"]
[EventCountry "CAN"]

1. e4 c5 2. Nf3 d6 3. d4 cxd4 4. Nxd4 Nf6 5. Nc3 g6 6. Bc4 Bg7 7. a3 O-O 8. f3
Nc6 9. Be3 Bd7 10. Qd2 Ne5 11. Ba2 a6 12. Bh6 Rc8 13. Bxg7 Kxg7 14. O-O-O Nc4
15. Qe2 Nxa3 16. e5 dxe5 17. Qxe5 Qc7 18. Qxe7 Qf4+ 19. Rd2 Nc4 20. Bxc4 Rxc4
21. g3 Qg5 22. f4 Qa5 23. Nb3 Qc7 24. Rhd1 Bg4 25. Qxc7 Rxc7 26. Re1 Rfc8
1/2-1/2

[Event "Quebec-ch Senior"]
[Site "Montreal CAN"]
[Date "2014.02.07"]
[Round "1"]
[White "Blais, Georges"]
[Black "Lebeau, Gilbert"]
[Result "0-1"]
[WhiteElo "1479"]
[BlackElo "2032"]
[PlyCount "94"]
[EventDate "2014.02.07"]
[EventType "swiss"]
[EventRounds "5"]
[EventCountry "CAN"]

1. d4 Nf6 2. Nf3 g6 3. e3 Bg7 4. Bd3 d5 5. Nbd2 O-O 6. O-O Nbd7 7. b3 c5 8. Bb2
Qc7 9. c4 cxd4 10. exd4 b6 11. Rc1 Bb7 12. cxd5 Qf4 13. Re1 Bxd5 14. Rxe7 Be6
15. Ne5 Nxe5 16. dxe5 Nd5 17. Rc4 Qg5 18. Rb7 Nf4 19. Rxf4 Qxf4 20. g3 Qb4 21.
Ne4 Rfd8 22. Qe2 Bd5 23. Bc3 Qa3 24. Rc7 Qc1+ 25. Kg2 Rac8 26. Rxc8 Rxc8 27.
Bb2 Qc6 28. f3 Qe6 29. f4 f5 30. exf6 Bxf6 31. Bxf6 Qxf6 32. Kh3 Qf5+ 33. Qg4
Qxg4+ 34. Kxg4 Kg7 35. f5 Bxe4 36. Bxe4 Kf6 37. fxg6 hxg6 38. h4 Rd8 39. a4 Rd4
40. Kf3 Rb4 41. Bd5 Rd4 42. Be4 a6 43. Ke3 Ke5 44. Bxg6 Rg4 45. Bf7 Rxg3+ 46.
Kf2 Rg4 47. h5 Rf4+ 0-1

[Event "Quebec-ch Senior"]
[Site "Montreal CAN"]
[Date "2014.02.07"]
[Round "1"]
[White "Blondin, Bernard"]
[Black "Perreault, Marc"]
[Result "1/2-1/2"]
[WhiteElo "865"]
[BlackElo "1512"]
[PlyCount "45"]
[EventDate "2014.02.07"]
[EventType "swiss"]
[EventRounds "5"]
[EventCountry "CAN"]

1. d4 Nf6 2. Nf3 d5 3. e3 e6 4. Bd3 c5 5. b3 cxd4 6. exd4 Nc6 7. Bb2 Bb4+ 8. c3
Bd6 9. c4 Bb4+ 10. Nc3 dxc4 11. Bxc4 Ne4 12. Rc1 e5 13. O-O Nxc3 14. Bxc3 Bxc3
15. Rxc3 Qa5 16. Qd2 O-O 17. dxe5 Nxe5 18. Nxe5 Qxe5 19. Re3 Qg5 20. Bd5 Rd8
21. Rd3 Qxd2 22. Rxd2 Be6 23. Rfd1 1/2-1/2

[Event "Quebec-ch Senior"]
[Site "Montreal CAN"]
[Date "2014.02.07"]
[Round "1"]
[White "Boudreau, Daniel"]
[Black "Miron, Gilles"]
[Result "1-0"]
[WhiteElo "2083"]
[BlackElo "1399"]
[PlyCount "97"]
[EventDate "2014.02.07"]
[EventType "swiss"]
[EventRounds "5"]
[EventCountry "CAN"]

1. e4 e6 2. d4 d5 3. e5 c5 4. c3 Nc6 5. Nf3 Qb6 6. Bd3 Bd7 7. dxc5 Bxc5 8. O-O
Qc7 9. b4 Bb6 10. Re1 Nge7 11. Na3 a6 12. Nc2 Ng6 13. Qe2 Nce7 14. Bb2 Nf4 15.
Qd2 Nxd3 16. Qxd3 Bb5 17. Qd2 Nf5 18. Rac1 O-O 19. Ncd4 Nxd4 20. cxd4 Qd7 21.
Rc3 Rac8 22. Rec1 Rxc3 23. Qxc3 Bc4 24. a3 Rc8 25. Ng5 h6 26. Nh3 Bd8 27. Qg3
Rc6 28. Nf4 Bg5 29. Nh5 g6 30. Qxg5 hxg5 31. Nf6+ Kg7 32. Nxd7 Kh6 33. Rc3 Kg7
34. Bc1 g4 35. Bg5 Be2 36. Rxc6 bxc6 37. h3 gxh3 38. gxh3 Bb5 39. Kg2 Be2 40.
f4 Bd3 41. Kf2 Bb5 42. Ke3 Kh7 43. Kd2 Ba4 44. Kc3 Bb5 45. Kb3 Bc4+ 46. Ka4 Bf1
47. h4 Kg7 48. Ka5 Bc4 49. Nc5 1-0

[Event "Quebec-ch Senior"]
[Site "Montreal CAN"]
[Date "2014.02.07"]
[Round "1"]
[White "Bureau, Robert"]
[Black "Lafleche, Alain"]
[Result "1-0"]
[WhiteElo "1383"]
[BlackElo "1793"]
[PlyCount "55"]
[EventDate "2014.02.07"]
[EventType "swiss"]
[EventRounds "5"]
[EventCountry "CAN"]

1. e4 e5 2. Nf3 Nc6 3. Bc4 Nf6 4. d4 exd4 5. O-O Bc5 6. e5 d5 7. exf6 dxc4 8.
fxg7 Rg8 9. Re1+ Be6 10. Nbd2 Qd5 11. Ne4 Be7 12. Bf4 O-O-O 13. a4 Rxg7 14. a5
a6 15. Bg3 Rdg8 16. Qd2 Rg4 17. Qe2 Bb4 18. Nf6 Qf5 19. Nxg4 Bxe1 20. Nh6 Qg6
21. Nxg8 Bxa5 22. Rxa5 Qxg8 23. Rg5 Qd8 24. Qd2 b5 25. Qf4 d3 26. cxd3 cxd3 27.
Rg8 Kb7 28. Rxd8 1-0

[Event "Quebec-ch Senior"]
[Site "Montreal CAN"]
[Date "2014.02.07"]
[Round "1"]
[White "Dubois, Lorraine"]
[Black "Bedard, Michel"]
[Result "0-1"]
[WhiteElo "1060"]
[BlackElo "1548"]
[PlyCount "74"]
[EventDate "2014.02.07"]
[EventType "swiss"]
[EventRounds "5"]
[EventCountry "CAN"]

1. d4 d5 2. c4 c6 3. Nf3 Nf6 4. Nc3 a6 5. a4 e6 6. Bg5 Nbd7 7. e4 Qa5 8. Bd2
Qc7 9. cxd5 cxd5 10. Bd3 dxe4 11. Nxe4 Be7 12. O-O b6 13. Rc1 Qb8 14. Rc2 Bb7
15. Re1 O-O 16. Qc1 Nd5 17. Neg5 N7f6 18. Ne5 h6 19. Ngxf7 Rxf7 20. Nxf7 Kxf7
21. Qd1 Bd6 22. g3 h5 23. Bg5 g6 24. Qe2 Qe8 25. Qf3 Rb8 26. Rce2 Nf4 27. Qe3
Qc6 28. f3 Nxe2+ 29. Rxe2 Re8 30. Rc2 Qxa4 31. Bh4 Qa5 32. Qh6 Rg8 33. f4 Qe1+
34. Bf1 Qe4 35. Rg2 Qxd4+ 36. Rf2 Ng4 37. Qh7+ Rg7 0-1

[Event "Quebec-ch Senior"]
[Site "Montreal CAN"]
[Date "2014.02.07"]
[Round "1"]
[White "Gilbert, Erick"]
[Black "Savaria, Georges-Patrick"]
[Result "1-0"]
[WhiteElo "1907"]
[BlackElo "1396"]
[PlyCount "81"]
[EventDate "2014.02.07"]
[EventType "swiss"]
[EventRounds "5"]
[EventCountry "CAN"]

1. Nf3 Nf6 2. c4 e6 3. Nc3 g6 4. e4 d6 5. d4 Bg7 6. Bg5 h6 7. Be3 b6 8. Qd2 Bb7
9. Bd3 Ng4 10. Bf4 e5 11. dxe5 Nxe5 12. Nxe5 Bxe5 13. Bxe5 dxe5 14. O-O Nc6 15.
Nd5 g5 16. Qc3 Qd6 17. b4 Nd4 18. c5 Qd8 19. cxb6 Bxd5 20. bxc7 Qd7 21. exd5
O-O 22. Rfe1 f6 23. Rac1 a6 24. Re3 Rfc8 25. Qc5 Nb5 26. Bxb5 axb5 27. a3 Ra6
28. Rec3 Rd6 29. Rd1 Kg7 30. f3 f5 31. Rcc1 Kg6 32. g3 h5 33. Kg2 Kf6 34. h3
Kg6 35. Qc3 g4 36. fxg4 fxg4 37. hxg4 hxg4 38. Qc2+ Kg7 39. Rh1 Rg6 40. Qe4 Qd6
41. Rc6 1-0

[Event "Quebec-ch Senior"]
[Site "Montreal CAN"]
[Date "2014.02.07"]
[Round "1"]
[White "Grandmaison, Real"]
[Black "Brunet, Guy"]
[Result "0-1"]
[WhiteElo "1186"]
[BlackElo "1584"]
[PlyCount "125"]
[EventDate "2014.02.07"]
[EventType "swiss"]
[EventRounds "5"]
[EventCountry "CAN"]

1. d4 d5 2. Nf3 c6 3. Bf4 Bf5 4. Nc3 Nf6 5. h3 h6 6. e3 e6 7. Bd3 Bxd3 8. Qxd3
Bd6 9. Bxd6 Qxd6 10. O-O-O Nbd7 11. e4 dxe4 12. Nxe4 Nxe4 13. Qxe4 Nf6 14. Qe5
Rd8 15. c3 Qe7 16. g4 Rd5 17. Qb8+ Rd8 18. Qxa7 O-O 19. a3 Ne4 20. Rhf1 Ra8 21.
Qb6 Ra6 22. Qb3 Rfa8 23. Nd2 Rxa3 24. bxa3 Rxa3 25. Kc2 Rxb3 26. Kxb3 Nd6 27.
f4 Nb5 28. Ra1 Qh4 29. f5 exf5 30. gxf5 Qxh3 31. Rf3 Qh2 32. Kc2 Qd6 33. Nc4
Qd5 34. Ne5 c5 35. Ra8+ Kh7 36. Rg3 Qe4+ 37. Kb3 cxd4 38. Nc4 Qxf5 39. Rf8 dxc3
40. Rg1 c2 41. Rd8 Qf6 42. Rd3 Nd4+ 43. Kb4 Ne2 44. Re1 c1=Q 45. Rxc1 Nxc1 46.
Rd5 Qc6 47. Rh5 Nd3+ 48. Kc3 Qe4 49. Kd2 Nf4 50. Re5 Qxe5 51. Nxe5 b6 52. Nd7
h5 53. Ke3 Ne6 54. Kf3 Kg6 55. Kg3 Kf5 56. Nxb6 g5 57. Nc4 h4+ 58. Kh2 Kf4 59.
Nd6 f6 60. Nc4 f5 61. Na3 g4 62. Nc2 g3+ 63. Kg2 0-1

[Event "Quebec-ch Senior"]
[Site "Montreal CAN"]
[Date "2014.02.07"]
[Round "1"]
[White "Lemieux, Serge"]
[Black "Desjardins, Raymond"]
[Result "1-0"]
[WhiteElo "1584"]
[BlackElo "1098"]
[PlyCount "45"]
[EventDate "2014.02.07"]
[EventType "swiss"]
[EventRounds "5"]
[EventCountry "CAN"]

1. d4 d5 2. e3 e6 3. Bd3 c6 4. f4 Nf6 5. Nd2 Bd6 6. c3 O-O 7. b4 a6 8. a4 Qc7
9. Bb2 Nbd7 10. h3 g6 11. Ngf3 Nh5 12. g4 Ng7 13. h4 f5 14. Ne5 Bxe5 15. fxe5
Nb6 16. h5 Qf7 17. h6 fxg4 18. Qxg4 Nf5 19. Qg5 Bd7 20. a5 Nc4 21. Nxc4 dxc4
22. Bxc4 Ne7 23. Rf1 1-0

[Event "Quebec-ch Senior"]
[Site "Montreal CAN"]
[Date "2014.02.07"]
[Round "1"]
[White "Lessard, Sylvain"]
[Black "Senecal, Jean-Pierre"]
[Result "1-0"]
[WhiteElo "1670"]
[BlackElo "1253"]
[PlyCount "33"]
[EventDate "2014.02.07"]
[EventType "swiss"]
[EventRounds "5"]
[EventCountry "CAN"]

1. e4 e5 2. Nf3 d6 3. d4 exd4 4. Nxd4 Be7 5. Bc4 a6 6. Qf3 Bf6 7. O-O Ne7 8.
Bg5 O-O 9. Bxf6 gxf6 10. Nc3 Ng6 11. Nd5 Nd7 12. Nf5 b5 13. Bb3 Nde5 14. Qh5
Kh8 15. f4 Nc4 16. Rf3 c6 17. Rh3 1-0

[Event "Quebec-ch Senior"]
[Site "Montreal CAN"]
[Date "2014.02.07"]
[Round "1"]
[White "Milosz, Jerzy"]
[Black "Plouffe, Michel"]
[Result "1-0"]
[WhiteElo "1539"]
[BlackElo "1010"]
[PlyCount "65"]
[EventDate "2014.02.07"]
[EventType "swiss"]
[EventRounds "5"]
[EventCountry "CAN"]

1. e4 e5 2. Nf3 Nc6 3. Bc4 Bc5 4. c3 d6 5. d4 exd4 6. cxd4 Bb6 7. O-O Bg4 8. h3
Bxf3 9. Qxf3 Qe7 10. Bb5 Bxd4 11. Rd1 Qe5 12. Bxc6+ bxc6 13. Nc3 Ne7 14. Bf4
Qc5 15. Rac1 Qb4 16. a3 Qxb2 17. Na4 Bxf2+ 18. Qxf2 Qxa3 19. Ra1 Qb4 20. Rd4
Qb3 21. Qd2 c5 22. Rd3 Qc4 23. Nc3 Rb8 24. Ra4 Rb4 25. Rxa7 O-O 26. Rxc7 Ng6
27. Bxd6 Rd8 28. Rxc5 Qe6 29. Rcd5 Rb6 30. Bc7 Rxd5 31. Rxd5 Rc6 32. Rd8+ Nf8
33. Bd6 1-0

[Event "Quebec-ch Senior"]
[Site "Montreal CAN"]
[Date "2014.02.07"]
[Round "1"]
[White "Prahov, Valentin"]
[Black "Dubreuil, Raymond"]
[Result "1-0"]
[WhiteElo "2237"]
[BlackElo "1492"]
[PlyCount "61"]
[EventDate "2014.02.07"]
[EventType "swiss"]
[EventRounds "5"]
[EventCountry "CAN"]

1. e4 c5 2. d4 cxd4 3. c3 dxc3 4. Nxc3 e6 5. Nf3 Nc6 6. Bc4 Be7 7. O-O a6 8.
Qe2 d6 9. Rd1 Qc7 10. Bf4 Nf6 11. Rac1 Qb8 12. h3 O-O 13. a3 Rd8 14. b4 b5 15.
Bb3 Bb7 16. Rd3 Rd7 17. Rcd1 Qf8 18. Ng5 Rdd8 19. Bxe6 fxe6 20. Nxe6 Qf7 21.
Nxd8 Rxd8 22. Bxd6 Bxd6 23. Rxd6 Re8 24. f4 Nb8 25. Rd8 h6 26. e5 Kh7 27. Qd3+
Qg6 28. Qxg6+ Kxg6 29. exf6 Rxd8 30. Rxd8 Nc6 31. fxg7 1-0

[Event "Quebec-ch Senior"]
[Site "Montreal CAN"]
[Date "2014.02.07"]
[Round "1"]
[White "Raduica, Gheorghe"]
[Black "Dorion, Francois"]
[Result "0-1"]
[WhiteElo "1298"]
[BlackElo "1670"]
[PlyCount "92"]
[EventDate "2014.02.07"]
[EventType "swiss"]
[EventRounds "5"]
[EventCountry "CAN"]

1. e4 e5 2. Nf3 d6 3. d4 exd4 4. Nxd4 Nf6 5. Bg5 Be7 6. Bxf6 Bxf6 7. c3 O-O 8.
Bd3 d5 9. O-O c5 10. Ne2 dxe4 11. Bxe4 Qc7 12. Qc2 g6 13. Nd2 Nc6 14. f4 Bg4
15. Ng3 Rad8 16. h3 Bc8 17. Rf3 Rfe8 18. Bd3 Bh4 19. Nge4 Bf5 20. g4 c4 21. Bf1
Rxd2 22. Qxd2 Bxe4 23. Qe3 Bxf3 24. Qxe8+ Kg7 25. Qe3 Bd5 26. Rd1 Be6 27. Bg2
Ne7 28. Rf1 h5 29. Qd4+ Bf6 30. Qxa7 hxg4 31. hxg4 Bxg4 32. Qxb7 Qc5+ 33. Kh1
Qh5+ 34. Kg1 Nf5 35. Qd5 Qh4 36. Rf2 Ne3 37. Qe4 Nxg2 38. Rxg2 Bh3 39. Rh2 Qg3+
40. Kh1 Bg4 41. Qc2 Bf3+ 42. Rg2 Be7 43. Kg1 Qe1+ 44. Kh2 Qh4+ 45. Kg1 Bc5+ 46.
Kf1 Qh1+ 0-1

[Event "Quebec-ch Senior"]
[Site "Montreal CAN"]
[Date "2014.02.08"]
[Round "2"]
[White "Beaulieu, Pierre"]
[Black "Lemieux, Serge"]
[Result "1-0"]
[WhiteElo "1954"]
[BlackElo "1584"]
[PlyCount "113"]
[EventDate "2014.02.07"]
[EventType "swiss"]
[EventRounds "5"]
[EventCountry "CAN"]

1. b3 d5 2. Bb2 c5 3. e3 e6 4. f4 Nf6 5. Nf3 Be7 6. Bb5+ Bd7 7. Qe2 a6 8. Bxd7+
Nbxd7 9. a4 O-O 10. O-O Rc8 11. Na3 Ne4 12. d3 Bf6 13. Ne5 Nd6 14. Nxd7 Bxb2
15. Nxf8 Bxa1 16. Rxa1 Qf6 17. Rf1 Kxf8 18. Qd2 Qb2 19. Nb1 Ke7 20. Rd1 Nf5 21.
g4 Nd6 22. Kf2 Qf6 23. Qe2 Qh4+ 24. Kg2 h5 25. g5 Nf5 26. Re1 Qg4+ 27. Qxg4
hxg4 28. Nd2 Rh8 29. e4 dxe4 30. Rxe4 Nh4+ 31. Kg3 f5 32. Rc4 Ng6 33. a5 Rh3+
34. Kg2 Nh4+ 35. Kg1 Re3 36. Kf2 Rh3 37. Kg1 Kd6 38. b4 Nf3+ 39. Nxf3 Rxf3 40.
bxc5+ Kc6 41. Rb4 Re3 42. Rb6+ Kxc5 43. Rxb7 g6 44. Rg7 Kd6 45. Rxg6 Re1+ 46.
Kg2 Ra1 47. Rg7 Rxa5 48. Ra7 Ra2 49. g6 Rxc2+ 50. Kg3 Rc8 51. g7 Kc6 52. Rxa6+
Kd5 53. Kh4 Kd4 54. Rxe6 Rg8 55. Re7 Kd5 56. Ra7 Ke6 57. Kg3 1-0

[Event "Quebec-ch Senior"]
[Site "Montreal CAN"]
[Date "2014.02.08"]
[Round "2"]
[White "Brunet, Guy"]
[Black "Gilbert, Erick"]
[Result "0-1"]
[WhiteElo "1584"]
[BlackElo "1907"]
[PlyCount "56"]
[EventDate "2014.02.07"]
[EventType "swiss"]
[EventRounds "5"]
[EventCountry "CAN"]

1. d4 Nf6 2. Nf3 g6 3. Bf4 d6 4. e3 Bg7 5. Bc4 O-O 6. O-O c6 7. Nbd2 b5 8. Bb3
Nbd7 9. c3 Nb6 10. Re1 Bb7 11. h3 c5 12. dxc5 dxc5 13. Qe2 c4 14. Bc2 Nbd5 15.
Bh2 Nd7 16. e4 N5b6 17. Rad1 Qc8 18. e5 Nc5 19. Ne4 Nxe4 20. Bxe4 Bxe4 21. Qxe4
e6 22. Rd4 Rd8 23. Red1 Qc7 24. Rxd8+ Rxd8 25. Rxd8+ Qxd8 26. Qd4 Qd5 27. Kf1
Bh6 28. Bf4 Qxd4 0-1

[Event "Quebec-ch Senior"]
[Site "Montreal CAN"]
[Date "2014.02.08"]
[Round "2"]
[White "Desjardins, Raymond"]
[Black "Nakhamtchin, Roman"]
[Result "0-1"]
[WhiteElo "1098"]
[BlackElo "1383"]
[PlyCount "66"]
[EventDate "2014.02.07"]
[EventType "swiss"]
[EventRounds "5"]
[EventCountry "CAN"]

1. d4 Nf6 2. c4 e6 3. Bg5 c5 4. e3 cxd4 5. exd4 Nc6 6. Nc3 h6 7. Bxf6 Qxf6 8.
Nf3 Bb4 9. Be2 O-O 10. O-O a6 11. Qd2 d6 12. Ne4 Qg6 13. Nc3 Bd7 14. Qd3 f5 15.
a3 Ba5 16. b4 Bc7 17. Nh4 Qf6 18. d5 Ne5 19. Qg3 f4 20. Ne4 fxg3 21. Nxf6+ Rxf6
22. fxg3 Raf8 23. Rxf6 Rxf6 24. Nf3 Ng6 25. h4 e5 26. Nh2 Ne7 27. h5 Bb6+ 28.
Kh1 Bd4 29. Rf1 Nf5 30. Rf3 e4 31. Rb3 e3 32. Nf1 Ba4 33. Rd3 Bc2 0-1

[Event "Quebec-ch Senior"]
[Site "Montreal CAN"]
[Date "2014.02.08"]
[Round "2"]
[White "Dorion, Francois"]
[Black "Milosz, Jerzy"]
[Result "1/2-1/2"]
[WhiteElo "1670"]
[BlackElo "1539"]
[PlyCount "39"]
[EventDate "2014.02.07"]
[EventType "swiss"]
[EventRounds "5"]
[EventCountry "CAN"]

1. e4 c6 2. c4 d5 3. cxd5 cxd5 4. exd5 Qxd5 5. Nc3 Qa5 6. d4 Nf6 7. Nf3 Ne4 8.
Bd2 Nxd2 9. Qxd2 e6 10. Bb5+ Bd7 11. Bxd7+ Nxd7 12. O-O Bb4 13. Rac1 O-O 14. a3
Bxc3 15. Rxc3 Nf6 16. Qd3 Rac8 17. Rfc1 Rxc3 18. Rxc3 h6 19. g3 Nd5 20. Rc5
1/2-1/2

[Event "Quebec-ch Senior"]
[Site "Montreal CAN"]
[Date "2014.02.08"]
[Round "2"]
[White "Dubreuil, Raymond"]
[Black "Raduica, Gheorghe"]
[Result "1-0"]
[WhiteElo "1492"]
[BlackElo "1298"]
[PlyCount "97"]
[EventDate "2014.02.07"]
[EventType "swiss"]
[EventRounds "5"]
[EventCountry "CAN"]

1. e4 d6 2. d4 Nf6 3. Nc3 c6 4. Nf3 Bg4 5. Be2 Nbd7 6. h3 Bxf3 7. Bxf3 e5 8. d5
Be7 9. O-O O-O 10. Bg5 Nxd5 11. exd5 Bxg5 12. dxc6 bxc6 13. Bxc6 Qc7 14. Bxa8
Rxa8 15. Nb5 Qc6 16. Nxd6 Rd8 17. Qg4 Be7 18. Nf5 Bf6 19. Qxg7+ Bxg7 20. Ne7+
Kf8 21. Nxc6 Rc8 22. Nxa7 Rxc2 23. Rfd1 Ke7 24. Rac1 Rxc1 25. Rxc1 e4 26. b4 f5
27. b5 Bb2 28. Rc2 Ba3 29. Nc8+ Kd8 30. b6 Bc5 31. b7 Kc7 32. Nd6 Kb8 33. Nxf5
Kxb7 34. Ne3 Kb6 35. Kf1 Kb5 36. Ke2 Ne5 37. a4+ Kc6 38. f3 exf3+ 39. gxf3 Ng6
40. Rc4 Kd6 41. f4 Bb6 42. Rb4 Bc5 43. Rc4 Bb6 44. f5 Nf8 45. Rc8 Nd7 46. Rh8
Bxe3 47. Kxe3 Nf6 48. Kd4 Ke7 49. a5 1-0

[Event "Quebec-ch Senior"]
[Site "Montreal CAN"]
[Date "2014.02.08"]
[Round "2"]
[White "Gervais, Marcel"]
[Black "Hebert, Pierre"]
[Result "1/2-1/2"]
[WhiteElo "1274"]
[BlackElo "1622"]
[PlyCount "28"]
[EventDate "2014.02.07"]
[EventType "swiss"]
[EventRounds "5"]
[EventCountry "CAN"]

1. c4 e5 2. Nc3 Nf6 3. g3 d6 4. Bg2 Nc6 5. Nf3 g6 6. O-O Bg7 7. e3 Be6 8. Ng5
O-O 9. a3 Qd7 10. b4 Rab8 11. Rb1 d5 12. Nxe6 fxe6 13. Bh3 Qe8 14. Nb5 Rf7 {...
} 1/2-1/2

[Event "Quebec-ch Senior"]
[Site "Montreal CAN"]
[Date "2014.02.08"]
[Round "2"]
[White "Grenier, Jean-Luc"]
[Black "Bureau, Robert"]
[Result "1-0"]
[WhiteElo "1721"]
[BlackElo "1383"]
[PlyCount "105"]
[EventDate "2014.02.07"]
[EventType "swiss"]
[EventRounds "5"]
[EventCountry "CAN"]

1. e4 e5 2. Nf3 Nc6 3. Bb5 Nf6 4. O-O Nxe4 5. d4 Nd6 6. Bxc6 dxc6 7. dxe5 Nf5
8. Qxd8+ Kxd8 9. Rd1+ Bd7 10. e6 fxe6 11. Ne5 Nd6 12. c4 b6 13. b4 c5 14. bxc5
bxc5 15. Be3 Be7 16. Bxc5 Rf8 17. Nc3 Rf5 18. Nxd7 Kxd7 19. Ne4 Kc6 20. Nxd6
cxd6 21. Be3 Bf6 22. Rab1 Ra5 23. Rd2 Ra3 24. Rbd1 Rd8 25. Rb1 h6 26. Kf1 Ra8
27. Rc2 Rc3 28. Rxc3 Bxc3 29. Rb5 e5 30. Ke2 Bd4 31. Bxd4 exd4 32. Kd3 Rf8 33.
f3 Rf4 34. Ra5 Kb6 35. Rd5 Kc6 36. Rxd4 Rf6 37. Re4 g5 38. Kd4 Rf5 39. Re2 Ra5
40. g3 Rf5 41. Ke4 Re5+ 42. Kd3 Rf5 43. Rf2 Kc5 44. f4 d5 45. cxd5 Rxd5+ 46.
Ke3 gxf4+ 47. gxf4 Kc4 48. f5 Rd3+ 49. Ke4 Rd4+ 50. Ke5 Rd8 51. f6 Re8+ 52. Kd6
Kd4 53. f7 1-0